000 00460nam a2200169Ia 4500
008 230711s9999||||xx |||||||||||||| ||und||
020 _a978-93-392-0480-8
041 _aENG
082 _a6.6
_bHA-C
100 _aHarrington, Steven
245 0 _aComputer graphics : A programming approach
250 _a2nd Ed.
260 _c2014
_aNew Delhi
_bMcGraw Hill Education(India) Private Limited
300 _a466p.
650 _aComputer Engineering
942 _cBK
999 _c6392
_d6392